000 00151 a2200085 4500
041 _aeng
100 _aSmith, Wilbur
245 _aMen of men
942 _cBK
999 _c29554
_d29552